Every NFL Team’s Greatest Wide Receivers - Statistics

General Stats
  • This quiz has been taken 104 times
  • The average score is 16 of 32
Answer Stats
Team Answer % Correct
Bengals Chad Johnson
89%
Lions Calvin Johnson
88%
49ers Jerry Rice
88%
Texans Andre Johnson
86%
Vikings Randy Moss
85%
Falcons Julio Jones
76%
Panthers Steve Smith
72%
Cowboys Michael Irvin
71%
Jaguars Jimmy Smith
69%
Cardinals Larry Fitzgerald
69%
Broncos Rod Smith
69%
Raiders Tim Smith
69%
Colts Marvin Harrison
65%
Buccaneers Mike Evans
59%
Seahawks Steve Largent
56%
Packers Davante Adams
52%
Rams Isaac Bruce
51%
Steelers Hines Ward
44%
Patriots Wes Welker
44%
Bills Andre Reed
41%
Commanders Art Monk
36%
Chiefs Tony Gonzalez
29%
Eagles Harold Carmichael
28%
Dolphins Mark Clayton
28%
Saints Marques Colston
28%
Giants Amani Toomer
25%
Chargers Antonio Gates
25%
Bears Alshon Jeffery
22%
Ravens Derrick Mason
21%
Jets Don Maynard
20%
Titans Nate Washington
13%
Browns Dante Lavelli
2%
No matching quizzes found
Score Distribution
Percent of People with Each Score
Percentile by Number Answered
Your Score History
You have not taken this quiz